| 000 | 00648nam a2200217 a 4500 | ||
|---|---|---|---|
| 001 | BRCA_192 | ||
| 005 | 20190320202921.0 | ||
| 008 | 950620s1993####mx-#######---f000-0#spa-# | ||
| 020 | _a9686339000 | ||
| 041 | _aspa | ||
| 044 | _amx | ||
| 050 | 4 |
_aHC135 _b.M54 1993 |
|
| 245 | 1 | 0 | _aMéxico en la década de los 90. |
| 260 |
_aMéxico _bGrupo Financieros Banamex Accival _c1993 |
||
| 300 |
_a302 p. _c27 cm. |
||
| 440 | 0 |
_aEstudios económicos y sociales _9698 |
|
| 651 | 4 |
_aMéxico _xCondiciones económicas _y1982 _9699 |
|
| 651 | 4 |
_aMéxico _xPolítica y gobierno _y1988 _9700 |
|
| 651 | 4 |
_aMéxico _xCondiciones sociales _y1970 _9701 |
|
| 942 |
_2lcc _cB |
||
| 999 |
_c161 _d161 |
||